| 000 | 00858nam a22002177a 4500 | ||
|---|---|---|---|
| 999 |
_c12804 _d12804 |
||
| 003 | AR-CdUCM | ||
| 008 | 190410b ||||| |||| 00| 0 spa d | ||
| 040 |
_aMUNICIPALIDAD PROVINCIAL DEL CUSCO _cBIBLIOTECA MUNICIPAL DEL CUSCO |
||
| 082 |
_a920 / _bC13 |
||
| 100 |
_aCabel Valenzuela, Walter _930879 |
||
| 245 |
_aRicardo Palma vida y obra : _ben el sesquicentenario de su nacimiento 1883/1983 / |
||
| 260 |
_aLima : _bEdi Juan Mejía Baca, _c1984. |
||
| 300 |
_a16 paginas ; _c20 cm. |
||
| 505 | _aContenido : La infancia, los estudios y el teatro -- El poeta romántico y algo mas -- El periodista combativo -- El político patriota -- El apóstol de la biblioteca... | ||
| 650 |
_aRicardo Palma _923917 |
||
| 650 |
_aBiografía _922 |
||
| 650 |
_aVida y Obra _914391 |
||
| 650 |
_aPeruanos _927760 |
||
| 942 |
_2ddc _cLIBROS |
||
| 945 |
_awnts _d2019-04-10 |
||